000 02846nab a2200289 a 4500
005 20230209063902.0
008 991125c2018 sp fr p o 000 0 spa d
035 _aUPN01000231158
040 _aMX-MxUPN
_bspa
_cMX-MxUPN
_eaacr2
049 _aART-E
100 1 _aLópez Belmonte, Jesús
_6- jesus.lopezb@campusviu.es
100 1 _aLópez Núñez, Juan Antonio
100 1 _aFuentes Cabrera, Arturo
245 1 4 _aLas cooperativas de enseñanza: Un emprendimiento basado en el liderazgo y formación continua docente
_h[recurso electrónico en línea]
506 0 _aAcceso abierta
520 3 _aLas cooperativas de enseñanza son entidades educativas de carácter social que agrupan a un conjunto de miembros, unidos bajo las mismas necesidades,que persiguen la creación y mantenimiento de puestos laborales en tiempos de recesión económica. Pretenden ofrecer un servicio innovador, eficaz y de calidad basado en el liderazgo y formacióncontinua de los profesionalesdeeste tipo de centros escolares.El objetivo del presente estudio se centra en conocer la vertiente empresarial, formativa y de liderazgodel docente cooperativistadela Ciudad Autónoma de Ceuta. Para ello se ha optado por un método cuantitativo de tipo descriptivo, empleando un cuestionario ad hocpara la recogida de datos enuna muestra de 68 docentes-socios pertenecientes a las 3 cooperativas de enseñanza de dicha ciudad. En base a los resultados, se obtiene una dominancia del género femenino y una edad avanzada entre los docentes-socios de las cooperativas analizadas. Estos profesionales conocen las peculiaridades que presentan estas entidades y,aunque confían en la inversión realizada, reflejan carencias burocráticas para la gestión cooperativa. En cuanto al liderazgo, se decantan conocedores de tal fenómeno y le otorgan gran relevancia. Pero, en el plano formativo, presentan deficientesconocimientos empresariales y aunque consideran que la formación continua es importante, la mayoría no sueleefectuar más de 2 cursos al año.Se concluye que estos profesionales conforman un perfil femenino de edad avanzada que confía en el liderazgo como fenómeno para dinamizar a la entidad,pero no disponen de los conocimientos necesarios para administrar con éxito este tipo de centros educativos, requiriendo de una formación especializada en el ámbito empresarial.
650 4 _aLiderazgo
_95345
653 0 _aAprendizaje cooperativo
653 0 _aDocentes
653 0 _aEducación continua
773 _gVol. 5, no. 1 (2019), p. 13-23
_tInnoeduca. International journal of technology and educational innovation
_x2444-2925
856 4 0 _uhttp://www.revistas.uma.es/index.php/innoeduca/article/view/3185/5692
856 4 0 _u10.24310/innoeduca.2019.v5i1.3185
902 _aRGJD/300123
_bRGJD/300123
905 _aArticulo
942 _cART-E
999 _c203253
_d203253